Ảnh hưởng của thuốc bảo vệ thực vật Quinalphons và Fenobucarb đến cá lóc (Channa striata) trong phòng thí nghiệm : Luận văn Cao học. Chuyên ngành: Khoa học Môi trường
Nội dung của đề tài nghiên cứu là nhằm đánh giá ảnh hưởng của việc hỗn hợp hoạt chất Quinalphons và Fenobucarb đến hoạt tính cholinesterase cá Lóc
Wedi'i Gadw mewn:
| Prif Awdur: | |
|---|---|
| Fformat: | Llyfr |
| Iaith: | Undetermined |
| Cyhoeddwyd: |
Cần Thơ
Trường Đại học Cần Thơ
2016
|
| Pynciau: | |
| Tagiau: |
Ychwanegu Tag
Dim Tagiau, Byddwch y cyntaf i dagio'r cofnod hwn!
|
| Thư viện lưu trữ: | Trung tâm Học liệu Trường Đại học Cần Thơ |
|---|
| LEADER | 01188nam a2200217Ia 4500 | ||
|---|---|---|---|
| 001 | CTU_211013 | ||
| 008 | 210402s9999 xx 000 0 und d | ||
| 082 | |a 639.31 | ||
| 082 | |b D527 | ||
| 088 | |a 60440301 | ||
| 100 | |a Nguyễn, Hà Duyên | ||
| 245 | 0 | |a Ảnh hưởng của thuốc bảo vệ thực vật Quinalphons và Fenobucarb đến cá lóc (Channa striata) trong phòng thí nghiệm : | |
| 245 | 0 | |b Luận văn Cao học. Chuyên ngành: Khoa học Môi trường | |
| 245 | 0 | |c Nguyễn Hà Duyên ; Nguyễn Văn Công (Người hướng dẫn khoa học) | |
| 260 | |a Cần Thơ | ||
| 260 | |b Trường Đại học Cần Thơ | ||
| 260 | |c 2016 | ||
| 520 | |a Nội dung của đề tài nghiên cứu là nhằm đánh giá ảnh hưởng của việc hỗn hợp hoạt chất Quinalphons và Fenobucarb đến hoạt tính cholinesterase cá Lóc | ||
| 650 | |a Nuôi cá nước ngọt,Bảo vệ thực vật,Freshwater fishes,Plants, protection of | ||
| 904 | |i Bùi Trần Bảo Châu, Tuyến | ||
| 980 | |a Trung tâm Học liệu Trường Đại học Cần Thơ | ||